000 00789cab a2200217 4500
001 ##L134573
008 060817n2006 000 0 eng u
035 _a(Sirsi) u134573
041 0 _aeng
100 1 _aBenzine, Adam
245 0 0 _aMixed use
_bspecial report
260 _c2006
490 0 _aProperty Week
_v71(32/33) 11 August 2006, 59-65(5)
520 _aReports on developments in the plan to build London Bridge Tower (more commonly known as the Shard) now moving into its construction phase, and looks at the challenges of getting the different components of a mixed use development to work together.
590 _aIKA220806
651 4 _aUnited Kingdom
_y
651 4 _aLONDON
690 _aPROPERTY-PROPERTY DEVELOPMENT
700 1 _aGreig-Smith, Heather
942 _n0
999 _c77568
_d77568